LEADER 01238nam a2200277 4500 001 000000331484 003 CaOOAMICUS 005 20181207121329.0 008 181203s2002 be 000 u fre r 020 $a2-501-02764-7 040 $aSeMil$bita 100 1 $aLassus, René : de.$0(OLS)http://semarc/name/108607 245 12$aL'analyse transactionnelle /$cRené de Lassus. 264 1$a[Alleur] :$bMarabout,$c2002. 300 $a280 p. ;$c18 cm 490 1 $aMarabout psychologie ;$v3516 500 $aIn copertina: parent, adulte, enfant : une méthode révolutionnaire pour bien se connaitre et mieux communiquer 650 4$aAnalisi transazionale.$0(OLS)http://semarc/subject/47918 650 4$aPsicoterapia - Metodo dell'analisi transazionale.$0(OLS)http://semarc/subject/20581 830 0$aMarabout psychologie ;$v3516.$0(OLS)http://semarc/title/420200 850 $aSeMil 852 $aSeMil$W1$xVenegono$y1$m2O I 458$j210640$B223662$CSeMilBibl$Z2$F223662 $81 996 $6020$a2-501-02764-7$9(OLS)http://semarc/number/285750 996 $6245$aL'analyse transactionnelle$9(OLS)http://semarc/title/420201 996 $6264$a[Alleur] :$bMarabout$9(OLS)http://semarc/publisher/58038 LEADER 01183nam a2200265 i 4500 001 000000171543 003 CaOOAMICUS 005 20080505000000.0 008 080505s2003 xxu u000 u eng u 013 $a148974 020 $a0-8006-3489-6 040 $aSeMil$bita 100 1 $aSmith, Dennis Edwin.$0(OLS)http://semarc/name/64156 245 10$aFrom symposium to eucharist :$bthe banquet in the Early Christian world /$cDennis E. Smith. 260 $aMinneapolis :$bFortress Press,$c2003. 300 $aXI, 411 p. :$bill. ;$c23 cm. 500 $aContiene : Bibliography. 650 4$aBibbia. Nuovo Testamento. Vangeli - Ultima Cena.$0(OLS)http://semarc/subject/5978 650 4$aBanchetti - Antichità - Storia.$0(OLS)http://semarc/subject/32636 850 $aSeMil 852 $aSeMil$W1$xVenegono$y1$m2B III 121$j122412$B122412$CSeMilBibl$Z2$F134002 $81 961 $aOmaggio: Caspani don Pierpaolo 996 $6020$a0-8006-3489-6$9(OLS)http://semarc/number/158662 996 $6245$aFrom symposium to eucharist :$bthe banquet in the Early Christian world$9(OLS)http://semarc/title/245421 996 $6260$aMinneapolis :$bFortress Press$9(OLS)http://semarc/publisher/38030